| 000 | 01071nam a2200313Ia 4500 | ||
|---|---|---|---|
| 005 | 20220317001440.0 | ||
| 008 | 161108s2008 mx g 000 0 s | ||
| 020 | _a9788481919301 | ||
| 100 | 1 |
_aModiano, Patrick _d1947- |
|
| 245 | 1 | 0 |
_aReducción de condena _cPatrick Modiano ; traducción de Tomás Fernández Aúz y Beatriz Eguibar |
| 250 | _a1e.dición, 2a reimpresión | ||
| 300 |
_a110 páginas _c23 cm |
||
| 490 | _aNarrativa contemporánea | ||
| 534 | _bRemise de peine | ||
| 650 | 1 | 4 |
_2LEMB _aNovela francesa _ySiglo XX |
| 650 | 1 | 4 |
_2LEMB _aLiteratura Francesa _ySiglo XX |
| 650 | 1 | 4 |
_2LEMB _aAbandono Del Hogar _vNovela |
| 650 | 1 | 4 |
_2LEMB _aRecuerdos _vNovela |
| 650 | 1 | 4 |
_2LEMB _aSecretos _vNovela |
| 700 | 1 |
_aFernández Aúz, Tomás _etraductor _973254 |
|
| 700 | 1 |
_aEguibar, Beatriz _etraductora _973255 |
|
| 942 |
_2loc _cBKLIT |
||
| 264 |
_aMéxico _bPre-textos _c2008 |
||
| 336 |
_atexto _btxt _2rdacontent |
||
| 337 |
_asin mediación _bn _2rdamedia |
||
| 338 |
_avolumen _bnc _2rdacarrier |
||
| 040 |
_aCO-BoRNBP _bspa _erda _cCO-BoRNBP |
||
| 084 | _aN MOD1 | ||
| 999 |
_c7016 _d7016 |
||